Tool for Stereographic Projection
Esta herramienta permite dibujar proyecciones estereogrf̀icas para distintos tipos de cristales empleando polos diferentes para el eje de proyeccin̤. Tambiň posibilita delinear cr̕culos de un ǹgulo especf̕ico alrededor de polos individuales o de todos ellos con un espaciado mayor a un valor selecc...
Saved in:
| Andre forfattere: | , |
|---|---|
| Format: | Bog |
| Sprog: | engelsk |
| Fag: | |
| Online adgang: | Tool for Stereographic Projection |
| Tags: |
Tilføj Tag
Ingen Tags, Vær først til at tagge denne postø!
|
MARC
| LEADER | 00000nam a22000004a 4500 | ||
|---|---|---|---|
| 001 | vpro9835 | ||
| 005 | 20201223000000.0 | ||
| 008 | 160414s2016 ck # g## #001 0#eng#d | ||
| 020 | |||
| 022 | |||
| 040 | |a CO-BoINGC | ||
| 041 | 0 | |a eng | |
| 245 | 1 | 0 | |a Tool for Stereographic Projection |
| 246 | |a Herramienta para proyeccin̤ estereogrf̀ica | ||
| 264 | |a Bogot ̀(Colombia) : |b Revista VirtualPRO, |c 2016 | ||
| 520 | 3 | |a Esta herramienta permite dibujar proyecciones estereogrf̀icas para distintos tipos de cristales empleando polos diferentes para el eje de proyeccin̤. Tambiň posibilita delinear cr̕culos de un ǹgulo especf̕ico alrededor de polos individuales o de todos ellos con un espaciado mayor a un valor seleccionado. | |
| 650 | \ | \ | |a TecnologƯ̕a de los materiales |
| 650 | \ | \ | |a Materiales |
| 650 | \ | \ | |a Materials engineering |
| 650 | \ | \ | |a Materials |
| 650 | \ | \ | |a ciencia de materiales |
| 650 | \ | \ | |a cristales |
| 650 | \ | \ | |a estructura de cristales |
| 650 | \ | \ | |a proyeccin̤ estereogrf̀ica |
| 650 | \ | \ | |a polo |
| 650 | \ | \ | |a materials science |
| 650 | \ | \ | |a crystals |
| 650 | \ | \ | |a crystal structure |
| 650 | \ | \ | |a estereographic projection |
| 650 | \ | \ | |a pole |
| 700 | \ | \ | |a Wang Peng |
| 700 | \ | \ | |a CORE-Materials |
| 856 | |z Tool for Stereographic Projection |u https://virtualpro.unach.elogim.com/biblioteca/herramienta-para-proyeccion-estereografica | ||